| 000 | 00919nam0a22002531 4500 | ||
|---|---|---|---|
| 001 | rc\2771426 | ||
| 005 | 20250805160813.4 | ||
| 035 | _a(NLR Aleph) 006897795 | ||
| 090 |
_a7215387 _c7215387 |
||
| 100 | _a20110915d1941 |||y0rusy50 ca | ||
| 101 | 0 | _arus | |
| 102 | _aRU | ||
| 105 | _aa z ||||| | ||
| 200 | 1 |
_aВ помощь взрывнику горнорудной промышленности _fИнж. П. С. Загорянский _gНКЦМ СССР, Главредмет |
|
| 210 |
_aМосква _cГиредмет, Отрасл. бюро тех. информации _d1941 |
||
| 215 |
_a18 с., без обл. _cил., черт. _d17 см. |
||
| 700 | 1 |
_aЗагорянский _bП. С. |
|
| 801 | 0 |
_aRU _bNLR _gpsbo |
|
| 801 | 1 |
_aRU _bELAR _2rusmarc |
|
| 852 |
_aNLR _jТ26 Г-2/28 |
||
| 942 | _cBOOK | ||
| 945 | _aРоссийская национальная библиотека | ||
| 980 | _aNB | ||
| 980 | _aBV | ||